[Event "Team Championship Russia (Rapid, Women)"]
[Site "Sochi"]
[Date "2018.10.08"]
[Round "1.1"]
[White "Ambartsumova, Karina"]
[Black "Pogonina, Natalija"]
[Result "0-1"]
[BlackElo "2444"]
[WhiteElo "2327"]
[LiveChessVersion "1.4.8"]

1. d4 {[%clk 0:15:16]} Nf6 {[%clk 0:15:18]} 2. c4 {[%clk 0:15:15]} e6
{[%clk 0:15:26]} 3. Nf3 {[%clk 0:15:12]} d5 {[%clk 0:15:34]} 4. Nc3
{[%clk 0:15:19]} Nbd7 {[%clk 0:15:40]} 5. Bg5 {[%clk 0:15:07]} Be7
{[%clk 0:15:43]} 6. e3 {[%clk 0:15:10]} h6 {[%clk 0:15:49]} 7. Bh4
{[%clk 0:15:12]} O-O {[%clk 0:15:55]} 8. Qc2 {[%clk 0:14:53]} c5 {[%clk 0:16:01]}
9. Rd1 {[%clk 0:14:59]} Qa5 {[%clk 0:15:53]} 10. cxd5 {[%clk 0:15:00]} Nxd5
{[%clk 0:15:59]} 11. Bxe7 {[%clk 0:15:08]} Nxe7 {[%clk 0:16:06]} 12. dxc5
{[%clk 0:15:13]} Nxc5 {[%clk 0:15:55]} 13. a3 {[%clk 0:14:17]} Nd7
{[%clk 0:15:59]} 14. Be2 {[%clk 0:12:34]} Nf6 {[%clk 0:15:43]} 15. O-O
{[%clk 0:12:22]} Bd7 {[%clk 0:14:54]} 16. Ne4 {[%clk 0:08:59]} Ned5
{[%clk 0:14:10]} 17. Qc5 {[%clk 0:08:27]} Qxc5 {[%clk 0:12:26]} 18. Nxc5
{[%clk 0:08:37]} Bc6 {[%clk 0:12:33]} 19. Ne5 {[%clk 0:08:22]} Rfc8
{[%clk 0:11:56]} 20. Rc1 {[%clk 0:07:24]} Rab8 {[%clk 0:10:21]} 21. Rfd1
{[%clk 0:03:13]} Be8 {[%clk 0:09:12]} 22. g3 {[%clk 0:03:05]} Rc7
{[%clk 0:07:59]} 23. e4 {[%clk 0:02:27]} Nb6 {[%clk 0:07:20]} 24. f3
{[%clk 0:02:03]} Rbc8 {[%clk 0:06:55]} 25. b4 {[%clk 0:01:20]} Na4
{[%clk 0:05:26]} 26. Ned3 {[%clk 0:01:23]} Nxc5 {[%clk 0:05:10]} 27. Nxc5
{[%clk 0:01:04]} b6 {[%clk 0:04:00]} 28. Nd3 {[%clk 0:01:06]} Rc2
{[%clk 0:03:58]} 29. Kf2 {[%clk 0:00:49]} Bb5 {[%clk 0:03:38]} 30. Rxc2
{[%clk 0:00:55]} Rxc2 {[%clk 0:03:46]} 31. Nc1 {[%clk 0:00:19]} Kf8
{[%clk 0:03:04]} 32. Ke1 {[%clk 0:00:15]} Bxe2 {[%clk 0:03:02]} 33. Nxe2
{[%clk 0:00:24]} Ra2 {[%clk 0:03:09]} 34. Rd3 {[%clk 0:00:28]} Ke7
{[%clk 0:03:12]} 35. Kf2 {[%clk 0:00:32]} Ne8 {[%clk 0:03:01]} 36. Rc3
{[%clk 0:00:29]} e5 {[%clk 0:02:36]} 37. h4 {[%clk 0:00:30]} Kd7 {[%clk 0:02:37]}
38. Ke3 {[%clk 0:00:30]} Nd6 {[%clk 0:02:43]} 39. Kf2 {[%clk 0:00:16]} Nb5
{[%clk 0:02:44]} 40. Rd3+ {[%clk 0:00:25]} Ke6 {[%clk 0:01:26]} 41. f4
{[%clk 0:00:34]} Nxa3 {[%clk 0:01:08]} 42. Rd5 {[%clk 0:00:35]} Nc4
{[%clk 0:01:02]} 43. Kf3 {[%clk 0:00:20]} f6 {[%clk 0:00:57]} 44. Rd8
{[%clk 0:00:13]} Nd6 {[%clk 0:00:55]} 45. f5+ {[%clk 0:00:19]} Ke7
{[%clk 0:00:59]} 46. Ra8 {[%clk 0:00:27]} Ra3+ {[%clk 0:01:06]} 47. Kg2
{[%clk 0:00:36]} Nxe4 {[%clk 0:01:12]} 48. g4 {[%clk 0:00:36]} Nd6
{[%clk 0:01:03]} 49. Rg8 {[%clk 0:00:39]} Ne8 {[%clk 0:01:06]} 50. Ng3
{[%clk 0:00:44]} Rb3 {[%clk 0:00:52]} 51. Ne4 {[%clk 0:00:40]} Rxb4
{[%clk 0:00:59]} 52. Kf3 {[%clk 0:00:46]} a5 {[%clk 0:00:57]} 53. g5
{[%clk 0:00:55]} hxg5 {[%clk 0:01:01]} 54. hxg5 fxg5 {[%clk 0:01:05]} 0-1

[Event "Team Championship Russia (Rapid, Women)"]
[Site "Sochi"]
[Date "2018.10.08"]
[Round "1.2"]
[White "Girya, Olga"]
[Black "Nebolsina, Vera"]
[Result "0-1"]
[BlackElo "2157"]
[WhiteElo "2440"]
[LiveChessVersion "1.4.8"]

1. d4 {[%clk 0:15:28]} Nf6 {[%clk 0:15:24]} 2. Bf4 {[%clk 0:15:32]} g6
{[%clk 0:15:30]} 3. Nc3 {[%clk 0:15:40]} d5 {[%clk 0:15:38]} 4. e3
{[%clk 0:15:48]} Bg7 {[%clk 0:15:43]} 5. Be2 {[%clk 0:15:58]} O-O
{[%clk 0:15:41]} 6. h4 {[%clk 0:16:07]} h5 {[%clk 0:15:49]} 7. Nf3
{[%clk 0:16:13]} c5 {[%clk 0:15:56]} 8. Nb5 {[%clk 0:14:56]} Na6 {[%clk 0:15:11]}
9. c3 {[%clk 0:14:50]} c4 {[%clk 0:14:12]} 10. a4 {[%clk 0:13:17]} Bg4
{[%clk 0:10:27]} 11. Ng5 {[%clk 0:10:54]} Bxe2 {[%clk 0:08:59]} 12. Qxe2
{[%clk 0:11:03]} Nd7 {[%clk 0:08:50]} 13. Qf3 {[%clk 0:08:59]} e5
{[%clk 0:07:33]} 14. dxe5 {[%clk 0:09:00]} Nac5 {[%clk 0:07:38]} 15. O-O
{[%clk 0:05:43]} Nxe5 {[%clk 0:07:04]} 16. Bxe5 {[%clk 0:05:51]} Bxe5
{[%clk 0:07:11]} 17. Rad1 {[%clk 0:04:00]} Nd3 {[%clk 0:06:23]} 18. e4
{[%clk 0:03:34]} a6 {[%clk 0:05:38]} 19. Na3 {[%clk 0:03:40]} Bd6
{[%clk 0:04:25]} 20. Nc2 {[%clk 0:02:47]} Qd7 {[%clk 0:01:47]} 21. exd5
{[%clk 0:02:18]} Rae8 {[%clk 0:01:49]} 22. Ne4 {[%clk 0:01:00]} Be7
{[%clk 0:01:13]} 23. Ne3 {[%clk 0:01:05]} f5 {[%clk 0:00:54]} 24. Ng5
{[%clk 0:00:55]} Bxg5 {[%clk 0:00:51]} 25. hxg5 {[%clk 0:00:59]} b5
{[%clk 0:00:59]} 26. axb5 {[%clk 0:01:02]} axb5 {[%clk 0:01:05]} 27. Rd2
{[%clk 0:00:55]} f4 {[%clk 0:01:09]} 28. Nc2 {[%clk 0:00:51]} Re5
{[%clk 0:01:15]} 29. Nb4 {[%clk 0:00:53]} Ne1 {[%clk 0:01:12]} 30. Rxe1
{[%clk 0:00:35]} Rxe1+ 31. Kh2 Qd6 {[%clk 0:01:14]} 32. Rd4 {[%clk 0:00:35]} Rf5
{[%clk 0:00:55]} 33. Re4 {[%clk 0:00:34]} Rxe4 {[%clk 0:00:40]} 34. Qxe4
{[%clk 0:00:43]} f3+ {[%clk 0:00:40]} 35. g3 {[%clk 0:00:53]} Kf7
{[%clk 0:00:44]} 36. Qd4 {[%clk 0:00:42]} Qe5 {[%clk 0:00:20]} 37. Qa7+
{[%clk 0:00:35]} Qe7 {[%clk 0:00:26]} 38. Qb6 {[%clk 0:00:36]} Rxg5
{[%clk 0:00:25]} 39. d6 {[%clk 0:00:22]} Qd7 {[%clk 0:00:24]} 40. Qd4
{[%clk 0:00:21]} h4 {[%clk 0:00:23]} 41. Qf4+ {[%clk 0:00:25]} Rf5
{[%clk 0:00:31]} 42. Qh6 {[%clk 0:00:29]} hxg3+ {[%clk 0:00:39]} 43. Kg1
{[%clk 0:00:26]} gxf2+ {[%clk 0:00:42]} 44. Kxf2 {[%clk 0:00:35]} Qxd6
{[%clk 0:00:35]} 45. Qh7+ {[%clk 0:00:32]} Kf6 {[%clk 0:00:40]} 46. Qh6
{[%clk 0:00:22]} Qc5+ {[%clk 0:00:40]} 47. Kf1 {[%clk 0:00:32]} Rh5
{[%clk 0:00:32]} 48. Qf4+ {[%clk 0:00:41]} Qf5 {[%clk 0:00:40]} 49. Nd5+
{[%clk 0:00:47]} Ke6 {[%clk 0:00:32]} 50. Nc7+ {[%clk 0:00:37]} Kd7
{[%clk 0:00:39]} 51. Qd4+ {[%clk 0:00:18]} Kxc7 {[%clk 0:00:47]} 52. Qa7+
{[%clk 0:00:20]} Kd6 {[%clk 0:00:50]} 53. Qb6+ {[%clk 0:00:29]} Ke5 0-1

[Event "Team Championship Russia (Rapid, Women)"]
[Site "Sochi"]
[Date "2018.10.08"]
[Round "1.3"]
[White "Markelova, Lubov"]
[Black "Guseva, Marina"]
[Result "0-1"]
[BlackElo "2320"]
[WhiteElo "2049"]
[LiveChessVersion "1.4.8"]

1. Nf3 {[%clk 0:15:19]} d5 {[%clk 0:15:18]} 2. d4 {[%clk 0:15:28]} Nf6
{[%clk 0:15:25]} 3. c4 {[%clk 0:15:37]} c6 {[%clk 0:15:34]} 4. e3
{[%clk 0:15:45]} Bf5 {[%clk 0:15:42]} 5. cxd5 {[%clk 0:15:51]} cxd5
{[%clk 0:15:37]} 6. Qb3 {[%clk 0:15:25]} Qc7 {[%clk 0:14:56]} 7. Bd2
{[%clk 0:15:22]} e6 {[%clk 0:14:49]} 8. Bb5+ {[%clk 0:15:29]} Nc6
{[%clk 0:14:56]} 9. O-O {[%clk 0:15:31]} Bd6 {[%clk 0:15:03]} 10. Bb4
{[%clk 0:15:25]} O-O {[%clk 0:14:32]} 11. Bxc6 {[%clk 0:15:18]} Qxc6
{[%clk 0:14:32]} 12. Ne5 {[%clk 0:14:10]} Qb6 {[%clk 0:14:26]} 13. Bxd6
{[%clk 0:13:53]} Qxd6 {[%clk 0:14:35]} 14. Nc3 {[%clk 0:13:52]} Qe7
{[%clk 0:09:40]} 15. Rfc1 {[%clk 0:12:54]} Rfc8 {[%clk 0:09:15]} 16. f3
{[%clk 0:09:22]} h6 {[%clk 0:08:22]} 17. Na4 {[%clk 0:08:49]} Ne8
{[%clk 0:08:05]} 18. Nc5 {[%clk 0:06:24]} f6 {[%clk 0:05:35]} 19. Ned3
{[%clk 0:05:48]} b6 {[%clk 0:04:02]} 20. Na4 {[%clk 0:04:25]} Nd6
{[%clk 0:03:48]} 21. Nf2 {[%clk 0:03:58]} Kh8 {[%clk 0:03:20]} 22. Nc3
{[%clk 0:03:33]} Bg6 {[%clk 0:02:49]} 23. Qd1 {[%clk 0:02:18]} Rc7
{[%clk 0:02:36]} 24. b3 {[%clk 0:01:56]} Rac8 {[%clk 0:02:07]} 25. Ne2
{[%clk 0:01:48]} Bc2 {[%clk 0:02:06]} 26. Qd2 {[%clk 0:01:39]} Nb5
{[%clk 0:01:44]} 27. Nf4 {[%clk 0:01:39]} Kg8 {[%clk 0:01:24]} 28. N4d3
{[%clk 0:01:28]} Na3 {[%clk 0:01:18]} 29. Nb4 {[%clk 0:00:31]} a5
{[%clk 0:01:22]} 30. Nxc2 {[%clk 0:00:28]} Rxc2 {[%clk 0:01:30]} 31. Rxc2
{[%clk 0:00:31]} Rxc2 {[%clk 0:01:38]} 32. Qd3 {[%clk 0:00:26]} Qc7
{[%clk 0:01:37]} 33. h4 {[%clk 0:00:26]} Qc3 {[%clk 0:00:58]} 34. Rd1
{[%clk 0:00:13]} Qxd3 {[%clk 0:01:05]} 35. Nxd3 {[%clk 0:00:20]} Rxa2
{[%clk 0:01:08]} 36. Nf4 {[%clk 0:00:27]} Kf7 {[%clk 0:01:13]} 37. Rc1
{[%clk 0:00:33]} Rc2 {[%clk 0:01:20]} 38. Ra1 {[%clk 0:00:21]} Nb5
{[%clk 0:01:21]} 39. Rb1 {[%clk 0:00:20]} Nc3 {[%clk 0:01:19]} 40. Ra1
{[%clk 0:00:22]} Rb2 {[%clk 0:01:24]} 41. Kh2 {[%clk 0:00:13]} Rxb3
{[%clk 0:01:31]} 42. e4 {[%clk 0:00:15]} dxe4 {[%clk 0:01:34]} 43. fxe4
{[%clk 0:00:17]} Nxe4 {[%clk 0:01:33]} 44. Rc1 {[%clk 0:00:12]} Rc3
{[%clk 0:01:38]} 45. Rb1 {[%clk 0:00:20]} Rc6 {[%clk 0:01:44]} 46. d5
{[%clk 0:00:27]} exd5 {[%clk 0:01:49]} 47. Nxd5 {[%clk 0:00:37]} Nd2
{[%clk 0:01:24]} 48. Rxb6 {[%clk 0:00:13]} Rxb6 {[%clk 0:01:33]} 49. Nxb6
{[%clk 0:00:22]} h5 {[%clk 0:01:31]} 50. Kg3 {[%clk 0:00:27]} Ne4+
{[%clk 0:01:38]} 51. Kf4 {[%clk 0:00:34]} Nc5 {[%clk 0:01:40]} 52. g4
{[%clk 0:00:39]} hxg4 {[%clk 0:01:48]} 53. Kxg4 {[%clk 0:00:48]} a4
{[%clk 0:01:56]} 54. Nc4 {[%clk 0:00:56]} Ke6 {[%clk 0:02:00]} 55. Na3
{[%clk 0:00:57]} Nd3 {[%clk 0:01:53]} 56. h5 {[%clk 0:00:57]} Ke5
{[%clk 0:01:51]} 57. Nb5 {[%clk 0:01:00]} Nf2+ {[%clk 0:01:53]} 58. Kf3
{[%clk 0:01:07]} Ne4 {[%clk 0:01:58]} 59. Kg4 {[%clk 0:01:11]} Nd6
{[%clk 0:02:00]} 60. Na3 {[%clk 0:01:18]} Kd4 {[%clk 0:02:07]} 61. Kf4
{[%clk 0:01:09]} Kc3 {[%clk 0:02:07]} 0-1

[Event "Team Championship Russia (Rapid, Women)"]
[Site "Sochi"]
[Date "2018.10.08"]
[Round "1.4"]
[White "Kovanova, Baira"]
[Black "Shafigullina, Zarina"]
[Result "1-0"]
[BlackElo "2025"]
[WhiteElo "2317"]
[LiveChessVersion "1.4.8"]

1. Nf3 {[%clk 0:15:17]} Nf6 {[%clk 0:15:18]} 2. g3 {[%clk 0:15:23]} b6
{[%clk 0:15:26]} 3. Bg2 {[%clk 0:15:32]} Bb7 {[%clk 0:15:34]} 4. O-O
{[%clk 0:14:35]} c5 {[%clk 0:15:34]} 5. d3 {[%clk 0:14:01]} g6 {[%clk 0:15:11]}
6. e4 {[%clk 0:14:06]} d6 {[%clk 0:15:16]} 7. c4 {[%clk 0:13:52]} Bg7
{[%clk 0:15:21]} 8. Nc3 {[%clk 0:14:00]} O-O {[%clk 0:15:22]} 9. h3
{[%clk 0:14:09]} Qc8 {[%clk 0:14:30]} 10. Be3 {[%clk 0:14:00]} Nbd7
{[%clk 0:14:14]} 11. Qd2 {[%clk 0:14:06]} Rd8 {[%clk 0:14:07]} 12. Rac1
{[%clk 0:13:58]} Ne5 {[%clk 0:13:30]} 13. Nh4 {[%clk 0:13:30]} Nc6
{[%clk 0:13:07]} 14. f4 {[%clk 0:13:23]} Nd4 {[%clk 0:13:07]} 15. f5
{[%clk 0:10:52]} Nd7 {[%clk 0:13:06]} 16. Bh6 {[%clk 0:09:40]} Ne5
{[%clk 0:11:03]} 17. Rcd1 {[%clk 0:09:34]} f6 {[%clk 0:10:15]} 18. fxg6
{[%clk 0:08:15]} hxg6 {[%clk 0:10:23]} 19. Be3 {[%clk 0:08:24]} e6
{[%clk 0:08:41]} 20. Ne2 {[%clk 0:07:33]} g5 {[%clk 0:06:53]} 21. Bxd4
{[%clk 0:07:17]} cxd4 {[%clk 0:06:45]} 22. Nf3 {[%clk 0:07:25]} Nxf3+
{[%clk 0:06:17]} 23. Bxf3 {[%clk 0:07:34]} Qc5 {[%clk 0:06:26]} 24. Bg4
{[%clk 0:05:47]} Qe5 {[%clk 0:05:50]} 25. b4 {[%clk 0:04:03]} d5 {[%clk 0:05:59]}
26. cxd5 {[%clk 0:03:37]} exd5 {[%clk 0:06:07]} 27. Rf5 {[%clk 0:03:46]} Qe7
{[%clk 0:05:41]} 28. e5 {[%clk 0:03:49]} fxe5 {[%clk 0:04:18]} 29. Rxg5
{[%clk 0:02:56]} e4 {[%clk 0:04:27]} 30. Nxd4 {[%clk 0:02:20]} e3
{[%clk 0:04:27]} 31. Be6+ {[%clk 0:02:19]} Kh7 {[%clk 0:03:34]} 32. Rh5+
{[%clk 0:02:01]} Kg6 {[%clk 0:03:38]} 33. Qe2 {[%clk 0:02:07]} Bxd4
{[%clk 0:03:33]} 34. Qg4+ {[%clk 0:02:11]} Kf6 {[%clk 0:03:39]} 35. Rh6+
{[%clk 0:01:54]} Ke5 {[%clk 0:03:46]} 36. Qf4# {[%clk 0:02:03]} 1-0

[Event "Team Championship Russia (Rapid, Women)"]
[Site "Sochi"]
[Date "2018.10.08"]
[Round "1.5"]
[White "Gritsayeva, Oksana"]
[Black "Suslova, Alena"]
[Result "1-0"]
[BlackElo "2126"]
[WhiteElo "2388"]
[LiveChessVersion "1.4.8"]

1. e4 {[%clk 0:15:19]} c5 {[%clk 0:15:18]} 2. Nc3 {[%clk 0:15:20]} Nc6
{[%clk 0:15:26]} 3. f4 {[%clk 0:15:26]} g6 {[%clk 0:15:22]} 4. Nf3
{[%clk 0:15:35]} Bg7 {[%clk 0:15:31]} 5. Bb5 {[%clk 0:15:39]} Nd4
{[%clk 0:15:01]} 6. Bd3 {[%clk 0:15:37]} d6 {[%clk 0:14:35]} 7. Nxd4
{[%clk 0:15:28]} Bxd4 {[%clk 0:13:02]} 8. Ne2 {[%clk 0:15:07]} Bg7
{[%clk 0:12:43]} 9. O-O {[%clk 0:13:47]} Nf6 {[%clk 0:12:35]} 10. Bb5+
{[%clk 0:12:30]} Bd7 {[%clk 0:12:07]} 11. Bxd7+ {[%clk 0:12:37]} Qxd7
{[%clk 0:12:03]} 12. d3 {[%clk 0:12:45]} O-O {[%clk 0:11:21]} 13. a4
{[%clk 0:10:55]} b6 {[%clk 0:10:22]} 14. h3 {[%clk 0:11:01]} a6 {[%clk 0:09:23]}
15. Be3 {[%clk 0:10:01]} b5 {[%clk 0:09:06]} 16. b3 {[%clk 0:08:49]} Rfc8
{[%clk 0:07:46]} 17. Qd2 {[%clk 0:07:51]} Qc6 {[%clk 0:05:46]} 18. f5
{[%clk 0:06:12]} Nd7 {[%clk 0:05:09]} 19. axb5 {[%clk 0:06:02]} axb5
{[%clk 0:04:51]} 20. Rxa8 {[%clk 0:06:10]} Rxa8 {[%clk 0:05:00]} 21. Bh6
{[%clk 0:05:34]} Bh8 {[%clk 0:04:13]} 22. Nc3 {[%clk 0:04:51]} Nb6
{[%clk 0:03:27]} 23. fxg6 {[%clk 0:04:22]} hxg6 {[%clk 0:03:32]} 24. Qf4
{[%clk 0:04:13]} Bd4+ {[%clk 0:02:48]} 25. Kh1 {[%clk 0:04:21]} f6
{[%clk 0:02:24]} 26. Ne2 {[%clk 0:04:17]} Be5 {[%clk 0:01:14]} 27. Qg4
{[%clk 0:04:23]} Kf7 {[%clk 0:01:18]} 28. c3 {[%clk 0:03:23]} Qd7
{[%clk 0:01:01]} 29. Qxd7 {[%clk 0:02:55]} Nxd7 {[%clk 0:01:10]} 30. d4
{[%clk 0:03:01]} Ra2 {[%clk 0:01:15]} 31. Nc1 Rc2 {[%clk 0:01:09]} 32. dxe5
{[%clk 0:03:08]} Nxe5 {[%clk 0:01:16]} 33. Bf4 {[%clk 0:02:42]} Nc6
{[%clk 0:01:01]} 34. Rf3 {[%clk 0:02:04]} Kg7 {[%clk 0:01:03]} 35. Rd3
{[%clk 0:00:39]} g5 {[%clk 0:00:46]} 36. Be3 {[%clk 0:00:47]} Ne5
{[%clk 0:00:52]} 37. Rd1 {[%clk 0:00:53]} Rxc3 {[%clk 0:00:58]} 38. Bd2
{[%clk 0:00:55]} Rc2 {[%clk 0:01:04]} 39. Kg1 {[%clk 0:00:50]} c4
{[%clk 0:00:58]} 40. Kf1 {[%clk 0:00:26]} c3 {[%clk 0:00:42]} 41. Be3
{[%clk 0:00:20]} Nc6 {[%clk 0:00:17]} 42. Nd3 {[%clk 0:00:19]} b4
{[%clk 0:00:17]} 43. Ra1 {[%clk 0:00:25]} 1-0

[Event "Team Championship Russia (Rapid, Women)"]
[Site "Sochi"]
[Date "2018.10.08"]
[Round "1.6"]
[White "Vinokur, Yuliya"]
[Black "Tomilova, Elena"]
[Result "0-1"]
[BlackElo "2275"]
[WhiteElo "2069"]
[LiveChessVersion "1.4.8"]

1. d4 {[%clk 0:15:17]} d5 {[%clk 0:15:18]} 2. c4 {[%clk 0:15:25]} c6
{[%clk 0:15:27]} 3. Nf3 {[%clk 0:15:34]} Nf6 {[%clk 0:15:35]} 4. Qc2
{[%clk 0:15:42]} dxc4 {[%clk 0:15:40]} 5. Qxc4 {[%clk 0:15:50]} Bg4
{[%clk 0:15:46]} 6. Nbd2 {[%clk 0:15:57]} e6 {[%clk 0:15:51]} 7. g3
{[%clk 0:16:05]} Nbd7 {[%clk 0:15:49]} 8. Bg2 {[%clk 0:16:13]} Be7
{[%clk 0:15:47]} 9. O-O {[%clk 0:16:15]} O-O {[%clk 0:15:54]} 10. Qb3
{[%clk 0:15:43]} Qb6 {[%clk 0:15:57]} 11. Nc4 {[%clk 0:14:01]} Qa6
{[%clk 0:15:52]} 12. Re1 {[%clk 0:13:30]} Rac8 {[%clk 0:13:58]} 13. Bf4
{[%clk 0:11:16]} Nb6 {[%clk 0:12:18]} 14. Nfe5 {[%clk 0:10:25]} Nxc4
{[%clk 0:12:05]} 15. Nxc4 {[%clk 0:10:05]} Rfd8 {[%clk 0:11:50]} 16. Be5
{[%clk 0:09:13]} Bh5 {[%clk 0:11:36]} 17. h3 {[%clk 0:09:05]} h6 {[%clk 0:10:30]}
18. Rac1 {[%clk 0:07:48]} Nd5 {[%clk 0:09:25]} 19. e4 {[%clk 0:06:30]} b5
{[%clk 0:06:40]} 20. Nd2 {[%clk 0:01:39]} Nb6 {[%clk 0:06:46]} 21. Rc2
{[%clk 0:01:39]} c5 {[%clk 0:06:18]} 22. dxc5 {[%clk 0:01:19]} Rxc5
{[%clk 0:05:56]} 23. Rec1 {[%clk 0:01:01]} Rxe5 {[%clk 0:04:20]} 24. f4
{[%clk 0:01:10]} Nc4 {[%clk 0:03:59]} 25. fxe5 {[%clk 0:00:28]} Qb6+
{[%clk 0:03:45]} 26. Kh2 {[%clk 0:00:27]} Nxd2 {[%clk 0:03:46]} 27. Qc3
{[%clk 0:00:36]} Qf2 {[%clk 0:02:54]} 28. Kh1 {[%clk 0:00:26]} b4
{[%clk 0:02:50]} 29. Qc7 {[%clk 0:00:26]} Bf3 {[%clk 0:02:20]} 30. Rg1
{[%clk 0:00:23]} Bg5 {[%clk 0:02:10]} 31. Qc5 {[%clk 0:00:31]} Qxg3
{[%clk 0:02:08]} 32. Rcc1 {[%clk 0:00:28]} Qxh3# {[%clk 0:02:10]} 0-1

[Event "Team Championship Russia (Rapid, Women)"]
[Site "Sochi"]
[Date "2018.10.08"]
[Round "1.7"]
[White "Charochkina, Daria"]
[Black "Mukhina, Jana"]
[Result "1-0"]
[BlackElo "1962"]
[WhiteElo "2360"]
[LiveChessVersion "1.4.8"]

1. d4 {[%clk 0:15:04]} Nf6 {[%clk 0:15:19]} 2. c4 {[%clk 0:15:13]} g6
{[%clk 0:15:28]} 3. Nc3 {[%clk 0:15:22]} Bg7 {[%clk 0:15:38]} 4. e4
{[%clk 0:15:32]} d6 {[%clk 0:15:47]} 5. f4 {[%clk 0:15:40]} O-O {[%clk 0:15:17]}
6. Nf3 {[%clk 0:15:44]} c5 {[%clk 0:12:02]} 7. d5 {[%clk 0:15:53]} b5
{[%clk 0:11:49]} 8. cxb5 {[%clk 0:15:53]} a6 {[%clk 0:11:38]} 9. a4
{[%clk 0:13:48]} e6 {[%clk 0:11:08]} 10. dxe6 {[%clk 0:13:43]} Bxe6
{[%clk 0:11:08]} 11. e5 {[%clk 0:11:53]} dxe5 {[%clk 0:07:44]} 12. Qxd8
{[%clk 0:11:58]} Rxd8 {[%clk 0:07:53]} 13. Nxe5 {[%clk 0:11:54]} Ng4
{[%clk 0:06:48]} 14. Nxg4 {[%clk 0:10:33]} Bxg4 {[%clk 0:06:57]} 15. h3 Bxc3+ 16.
bxc3 {[%clk 0:09:59]} Rd1+ {[%clk 0:04:13]} 17. Kf2 {[%clk 0:10:07]} Be6
{[%clk 0:03:33]} 18. Rg1 {[%clk 0:09:41]} c4 {[%clk 0:02:53]} 19. b6
{[%clk 0:08:09]} Nd7 {[%clk 0:03:01]} 20. b7 {[%clk 0:06:01]} Rb8
{[%clk 0:02:46]} 21. Be2 {[%clk 0:06:10]} Rxg1 {[%clk 0:02:30]} 22. Kxg1
{[%clk 0:06:19]} Rxb7 {[%clk 0:02:39]} 23. Be3 {[%clk 0:06:19]} Rb2
{[%clk 0:02:22]} 24. Bf3 {[%clk 0:06:23]} Bf5 {[%clk 0:02:10]} 25. Bd4
{[%clk 0:06:16]} Nf8 {[%clk 0:01:47]} 26. Re1 {[%clk 0:04:00]} Ne6
{[%clk 0:01:53]} 27. Bf6 {[%clk 0:04:08]} Rb1 {[%clk 0:00:53]} 28. Rxb1
{[%clk 0:04:12]} Bxb1 {[%clk 0:01:01]} 29. g3 {[%clk 0:03:50]} a5
{[%clk 0:00:52]} 30. Bd5 {[%clk 0:03:14]} Bd3 {[%clk 0:00:40]} 31. Be7
{[%clk 0:03:18]} Nc7 {[%clk 0:00:49]} 32. Bc6 {[%clk 0:03:20]} Ne6
{[%clk 0:00:53]} 33. Kf2 {[%clk 0:03:15]} Kg7 {[%clk 0:00:24]} 34. Ke3
{[%clk 0:03:10]} f5 {[%clk 0:00:32]} 35. Bd6 {[%clk 0:02:37]} Kf6
{[%clk 0:00:29]} 36. g4 {[%clk 0:02:46]} h6 {[%clk 0:00:26]} 37. gxf5
{[%clk 0:02:08]} Bxf5 {[%clk 0:00:15]} 38. h4 {[%clk 0:02:17]} Bd3
{[%clk 0:00:24]} 39. Bb8 {[%clk 0:02:06]} Ng7 {[%clk 0:00:17]} 40. Be5+
{[%clk 0:02:09]} Kf7 {[%clk 0:00:26]} 41. Bd5+ {[%clk 0:02:19]} Kf8
{[%clk 0:00:35]} 42. Kd4 {[%clk 0:02:11]} Nf5+ {[%clk 0:00:37]} 43. Kc5
{[%clk 0:02:20]} Bc2 {[%clk 0:00:28]} 44. Kb5 {[%clk 0:02:22]} Nxh4
{[%clk 0:00:28]} 45. Kxa5 {[%clk 0:02:28]} Nf5 {[%clk 0:00:28]} 46. Kb5
{[%clk 0:02:37]} Ne3 {[%clk 0:00:31]} 47. Bc6 {[%clk 0:02:36]} Bxa4+
{[%clk 0:00:13]} 48. Kxa4 {[%clk 0:02:44]} g5 {[%clk 0:00:18]} 49. fxg5
{[%clk 0:02:52]} hxg5 {[%clk 0:00:27]} 50. Kb4 {[%clk 0:02:43]} Kf7
{[%clk 0:00:34]} 51. Bd4 {[%clk 0:02:34]} Nf5 {[%clk 0:00:18]} 52. Kxc4
{[%clk 0:02:35]} g4 {[%clk 0:00:27]} 53. Kd3 {[%clk 0:01:54]} Ke6
{[%clk 0:00:25]} 54. Be4 {[%clk 0:01:56]} Nh4 {[%clk 0:00:15]} 55. Bf2
{[%clk 0:02:03]} 1-0

[Event "Team Championship Russia (Rapid, Women)"]
[Site "Sochi"]
[Date "2018.10.08"]
[Round "1.8"]
[White "Mamontova, Anastasia"]
[Black "Vasilevich, Tatjana"]
[Result "0-1"]
[BlackElo "2369"]
[WhiteElo "1972"]
[LiveChessVersion "1.4.8"]

1. d4 {[%clk 0:15:17]} Nf6 {[%clk 0:15:19]} 2. c4 {[%clk 0:15:25]} e6
{[%clk 0:15:28]} 3. Nc3 {[%clk 0:15:32]} Bb4 {[%clk 0:15:36]} 4. e3
{[%clk 0:15:41]} Bxc3+ {[%clk 0:15:40]} 5. bxc3 {[%clk 0:15:48]} b6
{[%clk 0:15:48]} 6. Bd3 {[%clk 0:15:11]} Bb7 {[%clk 0:15:53]} 7. f3
{[%clk 0:13:20]} O-O {[%clk 0:12:47]} 8. Ne2 {[%clk 0:11:46]} c5 {[%clk 0:12:50]}
9. e4 {[%clk 0:07:40]} Ne8 {[%clk 0:12:58]} 10. Qc2 {[%clk 0:06:04]} d6
{[%clk 0:10:57]} 11. Be3 {[%clk 0:04:02]} Nc6 {[%clk 0:08:54]} 12. O-O
{[%clk 0:02:50]} e5 {[%clk 0:08:57]} 13. Rab1 {[%clk 0:02:30]} Ba6
{[%clk 0:07:38]} 14. Qa4 {[%clk 0:00:50]} Qc8 {[%clk 0:07:38]} 15. Rfd1
{[%clk 0:00:38]} Na5 {[%clk 0:07:03]} 16. Ng3 {[%clk 0:00:43]} Qc6
{[%clk 0:05:22]} 17. Qa3 {[%clk 0:00:24]} Bxc4 {[%clk 0:05:20]} 18. Nf5
{[%clk 0:00:30]} Qc7 {[%clk 0:05:09]} 19. Qb2 {[%clk 0:00:15]} Bxd3
{[%clk 0:04:55]} 20. Rxd3 {[%clk 0:00:24]} Nc4 {[%clk 0:04:53]} 21. Qf2
{[%clk 0:00:33]} f6 {[%clk 0:02:54]} 22. Rbd1 {[%clk 0:00:23]} g6
{[%clk 0:02:43]} 23. Ng3 {[%clk 0:00:18]} Ng7 {[%clk 0:02:29]} 24. Bh6
{[%clk 0:00:23]} Rf7 {[%clk 0:02:25]} 25. h4 {[%clk 0:00:21]} Ne6
{[%clk 0:02:22]} 26. d5 {[%clk 0:00:14]} Nf4 {[%clk 0:02:14]} 27. Bxf4
{[%clk 0:00:15]} exf4 {[%clk 0:02:23]} 28. Nf1 {[%clk 0:00:19]} Ne5
{[%clk 0:02:01]} 29. R3d2 {[%clk 0:00:26]} g5 {[%clk 0:02:03]} 30. Nh2
{[%clk 0:00:31]} h5 {[%clk 0:02:03]} 31. g3 Rg7 {[%clk 0:02:02]} 32. Kh1
{[%clk 0:00:17]} Kh7 {[%clk 0:01:37]} 33. hxg5 {[%clk 0:00:22]} fxg5
{[%clk 0:01:44]} 34. gxf4 {[%clk 0:00:31]} gxf4 {[%clk 0:01:43]} 35. Qh4
{[%clk 0:00:40]} Qf7 {[%clk 0:01:46]} 36. Rg1 {[%clk 0:00:27]} Rag8
{[%clk 0:01:37]} 37. Rdg2 {[%clk 0:00:20]} Rxg2 {[%clk 0:01:01]} 38. Rxg2
{[%clk 0:00:29]} Rxg2 {[%clk 0:01:03]} 39. Kxg2 {[%clk 0:00:37]} Kg6
{[%clk 0:00:58]} 40. Qd8 {[%clk 0:00:13]} Qf6 {[%clk 0:01:02]} 41. Qe8+
{[%clk 0:00:20]} Kh6 {[%clk 0:01:02]} 42. Qb8 {[%clk 0:00:14]} Nc4
{[%clk 0:00:28]} 43. Qxa7 {[%clk 0:00:16]} Qxc3 {[%clk 0:00:27]} 44. Qb8
{[%clk 0:00:16]} Qf6 {[%clk 0:00:24]} 45. Nf1 {[%clk 0:00:16]} h4
{[%clk 0:00:19]} 46. Nh2 {[%clk 0:00:18]} Ne3+ {[%clk 0:00:26]} 47. Kf2
{[%clk 0:00:23]} Qb2+ {[%clk 0:00:30]} 48. Ke1 {[%clk 0:00:24]} Qc1+
{[%clk 0:00:30]} 49. Ke2 {[%clk 0:00:28]} Qd1+ {[%clk 0:00:38]} 50. Kf2
{[%clk 0:00:37]} Qd2+ {[%clk 0:00:46]} 0-1